Teoría electro-magnética

保存先:
書誌詳細
第一著者: Hayt, William Hart, 1920-
その他の著者: Russel Burnham , Herbert Traductor/a
フォーマット: 不明
言語:Spanish
出版事項: México : McGraw-Hill, 1979
主題:
タグ: タグ追加
タグなし, このレコードへの初めてのタグを付けませんか!

MARC

LEADER 00000 a2200000 4500
003 000460
005 20221231143836.0
008 140114s1979 mx a 000 ||spa d
040 |c cru CEDI 
082 |a 537.12 H426t 
100 |a Hayt, William Hart, 1920-  |9 19102 
245 |a Teoría electro-magnética  
260 |c 1979  |a México : McGraw-Hill,  
300 |a xi, 511 páginas : ilustraciones 
500 |a Traduccion de: Engineering electromagnetics. 
650 |x TEORIA ELECTROMAGNETICA  |9 19687 
700 |9 19740  |a Russel Burnham , Herbert   |d Traductor/a 
942 |2 ddc  |c BK 
999 |c 12993  |d 12993